The mangle of practice : (Record no. 122730)
[ view plain ]
| 000 -LEADER | |
|---|---|
| fixed length control field | 01144mam a2200289 a 4500 |
| 001 - CONTROL NUMBER | |
| control field | 1678655 |
| 005 - DATE AND TIME OF LATEST TRANSACTION | |
| control field | 20150421174914.0 |
| 008 - FIXED-LENGTH DATA ELEMENTS--GENERAL INFORMATION | |
| fixed length control field | 941201s1995 ilua b 001 0 eng |
| 010 ## - LIBRARY OF CONGRESS CONTROL NUMBER | |
| LC control number | 94044546 |
| 020 ## - INTERNATIONAL STANDARD BOOK NUMBER | |
| International Standard Book Number | 0226668029 |
| 020 ## - INTERNATIONAL STANDARD BOOK NUMBER | |
| International Standard Book Number | 0226668037 (pbk.) |
| 035 ## - SYSTEM CONTROL NUMBER | |
| System control number | (OCoLC)ocm31740250 |
| 040 ## - CATALOGING SOURCE | |
| Original cataloging agency | DLC |
| Transcribing agency | DLC |
| Modifying agency | NNC |
| -- | OrLoB |
| 050 00 - LIBRARY OF CONGRESS CALL NUMBER | |
| Classification number | Q175.P522 1995 |
| 082 00 - DEWEY DECIMAL CLASSIFICATION NUMBER | |
| Classification number | 501 |
| Edition number | 20 |
| 100 1# - MAIN ENTRY--PERSONAL NAME | |
| Personal name | Pickering, Andrew. |
| 9 (RLIN) | 17416 |
| 245 14 - TITLE STATEMENT | |
| Title | The mangle of practice : |
| Remainder of title | time, agency, and science / |
| Statement of responsibility, etc | Andrew Pickering. |
| 260 ## - PUBLICATION, DISTRIBUTION, ETC. (IMPRINT) | |
| Place of publication, distribution, etc | Chicago : |
| Name of publisher, distributor, etc | University of Chicago Press, |
| Date of publication, distribution, etc | c1995. |
| 263 ## - PROJECTED PUBLICATION DATE | |
| Projected publication date | 9509 |
| 300 ## - PHYSICAL DESCRIPTION | |
| Extent | xiv, 281 p. : |
| Other physical details | ill. ; |
| Dimensions | 23 cm. |
| 504 ## - BIBLIOGRAPHY, ETC. NOTE | |
| Bibliography, etc | Includes bibiliographical references and index. |
| 505 00 - FORMATTED CONTENTS NOTE | |
| Miscellaneous information | 1. |
| Title | The Mangle of Practice -- |
| Miscellaneous information | 2. |
| Title | Machines: Building the Bubble Chamber -- |
| Miscellaneous information | 3. |
| Title | Facts: The Hunting of the Quark -- |
| Miscellaneous information | 4. |
| Title | Concepts: Constructing Quaternions -- |
| Miscellaneous information | 5. |
| Title | Technology: Numerically Controlled Machine Tools -- |
| Miscellaneous information | 6. |
| Title | Living in the Material World -- |
| Miscellaneous information | 7. |
| Title | Through the Mangle. |
| 650 #0 - SUBJECT ADDED ENTRY--TOPICAL TERM | |
| Topical term or geographic name as entry element | Science |
| General subdivision | Philosophy. |
| 9 (RLIN) | 17417 |
| 650 #0 - SUBJECT ADDED ENTRY--TOPICAL TERM | |
| Topical term or geographic name as entry element | Science |
| General subdivision | Social aspects. |
| 9 (RLIN) | 9989 |
| 900 ## - EQUIVALENCE OR CROSS-REFERENCE-PERSONAL NAME [LOCAL, CANADA] | |
| Numeration | TOC |
| 942 ## - ADDED ENTRY ELEMENTS (KOHA) | |
| Source of classification or shelving scheme | Library of Congress Classification |
| Item type | Monograph ( Printed materials) |
| Withdrawn status | Lost status | Source of classification or shelving scheme | Damaged status | Not for loan | Collection code | Home library | Current library | Shelving location | Date acquired | Total Checkouts | Full call number | Barcode | Date last seen | Price effective from | Koha item type |
|---|---|---|---|---|---|---|---|---|---|---|---|---|---|---|---|
| Library of Congress Classification | Main Collection | ARRUPE LIBRARY | ARRUPE LIBRARY | Main Collection | 21/04/2015 | Q175.P522 1995 | 46500004515 | 03/07/2019 | 21/04/2015 | Monograph ( Printed materials) |